[Event "36th Reykjavik op"]
[Site "Reykjavik ISL"]
[Date "2023.04.01"]
[Round "6.15"]
[White "Griffith, Kyron"]
[Black "Jacobson, Brandon"]
[WhiteElo "2342"]
[BlackElo "2543"]
[Result "0-1"]
[EventDate "2023.03.29"]
[PlyCount "114"]

1. e4 c5 2. Nf3 d6 3. d4 cxd4 4. Nxd4 Nf6 5. Nc3 Nc6 6. Bg5 e6 7. Qd2 a6 8. O-O-O
Bd7 9. Kb1 Nxd4 10. Qxd4 Be7 11. f3 b5 12. g4 Bc6 13. Be3 O-O 14. h4 Nd7 15. Bg5
Nf6 16. Be3 Nd7 17. Bg5 Bxg5 18. hxg5 Qxg5 19. Qxd6 Qc5 20. Qh2 h6 21. g5 Qxg5 22.
f4 Qe7 23. Bxb5 axb5 24. Rdg1 f5 25. Qxh6 Qf6 26. Rg6 Kf7 27. Rxf6+ Nxf6 28. Qg5
b4 29. Rg1 bxc3 30. Qxg7+ Ke8 31. Rg6 Rd8 32. bxc3 Rd7 33. Qh6 Rh7 34. Qg5 Nxe4 35.
Rxe6+ Kd7 36. Rxe4 Bxe4 37. c4 Rh2 38. Qg7+ Ke8 39. c5 Rxc2 40. Qg6+ Rf7 41. Qe6+
Re7 42. Qg6+ Kd8 43. Ka1 Rd7 44. Qf6+ Kc8 45. Qa6+ Bb7 46. Qe6 Rxa2+ 47. Kb1 Be4+
48. Kc1 Rc2+ 49. Kb1 Rxc5+ 50. Kb2 Kc7 51. Qf6 Kb7 52. Kb3 Rdc7 53. Kb4 Rc4+ 54.
Ka3 R4c6 55. Qb2+ Rb6 56. Qe5 Rh7 57. Qd4 Rh3+  0-1

[Event "36th Reykjavik op"]
[Site "Reykjavik ISL"]
[Date "2023.04.01"]
[Round "6.16"]
[White "Gaal, Zsoka"]
[Black "Maze, Sebastien"]
[WhiteElo "2320"]
[BlackElo "2542"]
[Result "0-1"]
[EventDate "2023.03.29"]
[PlyCount "80"]

1. d4 Nf6 2. Nf3 g6 3. g3 Bg7 4. Bg2 d6 5. c4 O-O 6. Nc3 Nbd7 7. O-O e5 8. e4 exd4
9. Nxd4 Re8 10. h3 Nc5 11. Re1 Bd7 12. Kh2 a5 13. Ndb5 Qc8 14. Bf4 Bc6 15. Qc2 Nfd7
16. Rad1 h5 17. Be3 a4 18. Nd5 Bxd5 19. cxd5 Ra5 20. Nd4 Nf6 21. f3 Qd8 22. b4 axb3
23. axb3 Qa8 24. Re2 Na6 25. Qc4 h4 26. g4 Nd7 27. f4 Nb6 28. Qc3 Nc5 29. b4 Ra3
30. Qc2 Nca4 31. Nb5 Rc3 32. Nxc3 Nxc3 33. Bxb6 cxb6 34. Rc1 Nxe2 35. Qxe2 g5 36.
Bf3 Qa3 37. Rc7 Qxb4 38. Qc2 Qe1 39. Qg2 Bd4 40. Rc2 Be3  0-1

[Event "36th Reykjavik op"]
[Site "Reykjavik ISL"]
[Date "2023.04.01"]
[Round "6.17"]
[White "Gretarsson, Hjoervar Steinn"]
[Black "Fitzsimons, David"]
[WhiteElo "2538"]
[BlackElo "2338"]
[Result "0-1"]
[EventDate "2023.03.29"]
[PlyCount "90"]

1. f4 d5 2. Nf3 Bg4 3. e3 Nd7 4. Be2 Ngf6 5. O-O c6 6. d4 e6 7. Nbd2 h6 8. Ne5 Bxe2
9. Qxe2 Bd6 10. b3 Qe7 11. c4 Bb4 12. Nef3 O-O 13. a3 Ba5 14. Bb2 c5 15. e4 dxe4
16. Nxe4 Nxe4 17. Qxe4 Nf6 18. Qe2 Bb6 19. d5 Rfe8 20. Rae1 Ba5 21. Nd2 Qd8 22. Qd3
exd5 23. Rxe8+ Nxe8 24. cxd5 Bxd2 25. Qxd2 b6 26. Re1 Qd7 27. b4 cxb4 28. axb4 Rd8
29. Re3 Nc7 30. Bxg7 Kxg7 31. Qd4+ f6 32. Qe4 Nxd5 33. Rg3+ Kf7 34. Qg6+ Ke6 35.
Rd3 Qf7 36. f5+ Ke7 37. Qxh6 Rd7 38. Rg3 Kd6 39. Qh8 Qe7 40. Qb8+ Rc7 41. h4 Qe1+
42. Kh2 Qe5 43. h5 Ne3 44. Qd8+ Kc6 45. Qd3 Ng4+  0-1

[Event "36th Reykjavik op"]
[Site "Reykjavik ISL"]
[Date "2023.04.01"]
[Round "6.18"]
[White "Dvirnyy, Danyyil"]
[Black "Soderstrom, Adrian"]
[WhiteElo "2531"]
[BlackElo "2322"]
[Result "1-0"]
[EventDate "2023.03.29"]
[PlyCount "113"]

1. d4 Nf6 2. c4 g6 3. Nc3 d5 4. cxd5 Nxd5 5. e4 Nxc3 6. bxc3 Bg7 7. Bc4 c5 8. Ne2
O-O 9. O-O Nc6 10. Be3 b6 11. Bb5 Bb7 12. Rc1 cxd4 13. cxd4 Rc8 14. Qa4 Na5 15. d5
Qd6 16. Nd4 a6 17. Bd7 Rc4 18. Rxc4 Nxc4 19. Qxc4 Qxd7 20. Rc1 b5 21. Qc7 Bc8 22.
h3 Qxc7 23. Rxc7 Be5 24. Rxe7 Bd6 25. Ra7 Bb8 26. Re7 Bd6 27. Ra7 Bb8 28. Nb3 Bxa7
29. Bxa7 f6 30. f3 Kf7 31. Kf2 Bd7 32. Ke3 Ra8 33. Bb6 Rb8 34. Bc7 Rc8 35. d6 b4
36. Kd4 g5 37. Kc5 Be6 38. Kc6 Ra8 39. d7 Ke7 40. Nc5 Bxd7+ 41. Nxd7 h5 42. Nb8 a5
43. Kb7 a4 44. Nc6 Kd7 45. Kxa8 b3 46. axb3 axb3 47. Be5 fxe5 48. Nxe5+ Kd6 49. Nd3
Kc6 50. Ka7 Kb5 51. e5 Kc6 52. e6 Kd6 53. Kb6 Kxe6 54. Kc5 Kf5 55. g4 hxg4 56. hxg4
Ke6 57. Kd4  1-0

[Event "36th Reykjavik op"]
[Site "Reykjavik ISL"]
[Date "2023.04.01"]
[Round "6.19"]
[White "Salles, Louis"]
[Black "Vignesh, N. R."]
[WhiteElo "2287"]
[BlackElo "2513"]
[Result "0-1"]
[EventDate "2023.03.29"]
[PlyCount "59"]

1. e4 c5 2. Nf3 d6 3. d4 cxd4 4. Nxd4 Nf6 5. Nc3 a6 6. h3 e5 7. Nde2 b5 8. g4 b4
9. Nd5 Nxd5 10. Qxd5 Ra7 11. Be3 Be6 12. Qd3 Rd7 13. Bg2 Be7 14. O-O O-O 15. c4 bxc3
16. Nxc3 Bg5 17. Rfd1 Bxe3 18. Qxe3 Nc6 19. Bf1 Nd4 20. Rd2 d5 21. exd5 Bxd5 22.
Nxd5 Rxd5 23. Rd3 f5 24. gxf5 Qf6 25. Qe4 Rd6 26. Re1 Qxf5 27. Qxf5 Rxf5 28. Re4
Rdf6 29. f4 Rg6+ 30. Kh2  0-1

[Event "36th Reykjavik op"]
[Site "Reykjavik ISL"]
[Date "2023.04.01"]
[Round "6.20"]
[White "Heurtebize, Olivier"]
[Black "Shyaamnikhil, P."]
[WhiteElo "2269"]
[BlackElo "2477"]
[Result "0-1"]
[EventDate "2023.03.29"]
[PlyCount "86"]

1. Nf3 Nf6 2. g3 c5 3. Bg2 Nc6 4. d4 cxd4 5. Nxd4 h5 6. h3 g6 7. c3 Bg7 8. e4 O-O
9. Be3 d6 10. O-O Bd7 11. Nd2 a6 12. Re1 Rc8 13. a4 Na5 14. N4b3 e5 15. Nxa5 Qxa5
16. Qb3 Qc7 17. Bb6 Qc6 18. a5 Be6 19. Qa4 Bh6 20. Be3 Bxe3 21. Rxe3 Rfd8 22. Qxc6
Rxc6 23. f4 Kf8 24. Nf3 Nd7 25. Nh4 Bc4 26. Ra4 Bb5 27. Ra1 Nc5 28. Nf3 Nd3 29. fxe5
dxe5 30. Rd1 Rcd6 31. b3 f6 32. Bf1 Nc5 33. Rxd6 Rxd6 34. b4 Rd1 35. Ne1 Na4 36.
c4 Bc6 37. b5 Bd7 38. h4 Rb1 39. bxa6 bxa6 40. Kf2 Ra1 41. Nd3 Nc3 42. Kg2 Nxe4 43.
Nb4 Nc5  0-1

[Event "36th Reykjavik op"]
[Site "Reykjavik ISL"]
[Date "2023.04.01"]
[Round "6.21"]
[White "Leonard, Timo"]
[Black "Demuth, Adrien"]
[WhiteElo "2196"]
[BlackElo "2475"]
[Result "0-1"]
[EventDate "2023.03.29"]
[PlyCount "56"]

1. d4 Nf6 2. c4 e6 3. Nf3 d5 4. Nc3 dxc4 5. e4 b5 6. e5 Nd5 7. Nxb5 Nb6 8. Be2 Nc6
9. O-O Be7 10. Nc3 Bb7 11. Be3 O-O 12. Qc1 Rb8 13. Rd1 Nb4 14. Ne1 f5 15. f4 Qc8
16. Bf3 c5 17. Nb5 Bxf3 18. Nxf3 Nd3 19. Rxd3 cxd3 20. dxc5 d2 21. Qf1 Bxc5 22. Nfd4
Nd5 23. Bf2 Rxb5 24. Nxb5 Bxf2+ 25. Qxf2 Qc1+ 26. Qf1 Rc8 27. Nc3 Nxc3 28. Rxc1 dxc1=Q
 0-1

[Event "36th Reykjavik op"]
[Site "Reykjavik ISL"]
[Date "2023.04.01"]
[Round "6.22"]
[White "Grigoriev, Dmitriy"]
[Black "Yankelevich, Lev"]
[WhiteElo "1969"]
[BlackElo "2459"]
[Result "0-1"]
[EventDate "2023.03.29"]
[PlyCount "84"]

1. e4 c6 2. d4 d5 3. Nc3 dxe4 4. Nxe4 Nf6 5. Nxf6+ exf6 6. Bc4 Na6 7. Nf3 Bd6 8.
Qe2+ Be7 9. O-O O-O 10. Bf4 Nc7 11. Rfe1 Re8 12. Qd3 Nd5 13. Bg3 Be6 14. a3 Qd7 15.
Rad1 a5 16. h3 a4 17. Bxd5 Qxd5 18. c3 Bf8 19. Qe4 Qd7 20. Qf4 Qd5 21. Qc7 Qb5 22.
Rd2 g5 23. Bh2 Bd5 24. Qd7 Be6 25. Qc7 Bd5 26. Qd7 Rxe1+ 27. Nxe1 Be6 28. Qc7 Re8
29. Qg3 Bxh3 30. f4 Be6 31. Nf3 h6 32. fxg5 hxg5 33. Rd1 Bc4 34. Rd2 Qf5 35. Rd1
Qc2 36. Re1 Rxe1+ 37. Qxe1 Qxb2 38. Bg3 Qxa3 39. Qb1 Qxc3 40. Qf5 Qe3+ 41. Kh2 Qe6
42. Qb1 b5  0-1

[Event "36th Reykjavik op"]
[Site "Reykjavik ISL"]
[Date "2023.04.01"]
[Round "6.23"]
[White "Loiseau, Quentin"]
[Black "Nilsson, Oliver"]
[WhiteElo "2449"]
[BlackElo "1955"]
[Result "1-0"]
[EventDate "2023.03.29"]
[PlyCount "81"]

1. d4 d5 2. c4 e6 3. Nf3 a6 4. cxd5 exd5 5. Nc3 c6 6. Bg5 Be7 7. Bxe7 Nxe7 8. e3
O-O 9. Qb3 Nd7 10. Bd3 Nf6 11. Qc2 g6 12. h4 Bf5 13. Bxf5 Nxf5 14. h5 Qe7 15. O-O-O
b5 16. g4 Nd6 17. Ne5 c5 18. g5 cxd4 19. Nc6 Qc7 20. Nxb5 axb5 21. gxf6 Kh8 22. Ne7
Qxc2+ 23. Kxc2 g5 24. Rxd4 Rxa2 25. Rxd5 Ne4 26. Rhd1 Nxf2 27. Rf1 Ng4 28. Rf3 Ra6
29. Rxg5 Nxf6 30. Rxb5 Re6 31. h6 Rxe7 32. Rxf6 Rfe8 33. Rbf5 Rxe3 34. Rxf7 Rg3 35.
Rf8+ Rg8 36. Rxe8 Rxe8 37. b4 Rb8 38. Rf6 Kg8 39. Kb3 Rb5 40. Ka4 Rg5 41. b5  1-0

[Event "36th Reykjavik op"]
[Site "Reykjavik ISL"]
[Date "2023.04.01"]
[Round "6.24"]
[White "Ramoutar, Alan-Safar"]
[Black "Chamadia, Avaan"]
[WhiteElo "2425"]
[BlackElo "1563"]
[Result "1-0"]
[EventDate "2023.03.29"]
[PlyCount "79"]

1. e4 c5 2. Nc3 g6 3. d4 cxd4 4. Qxd4 Nf6 5. Be3 Nc6 6. Qd2 Bg7 7. f3 O-O 8. O-O-O
d6 9. Nge2 Qa5 10. Nf4 Nd7 11. Kb1 Rb8 12. Ncd5 Qxd2 13. Rxd2 Nc5 14. h4 Ne6 15.
Ne2 Bd7 16. Nec3 Rfe8 17. h5 b6 18. Bb5 Ne5 19. Bxd7 Nxd7 20. f4 Nec5 21. hxg6 fxg6
22. Bd4 Nf6 23. Nxf6+ Bxf6 24. Bxf6 exf6 25. Rd4 Re6 26. b4 Nb7 27. Nd5 Rbe8 28.
Kb2 Rf8 29. Rc4 Rf7 30. g4 a5 31. a3 axb4 32. axb4 b5 33. Rc8+ Kg7 34. Nc7 Rxe4 35.
Ne8+ Rxe8 36. Rxe8 Rd7 37. Rhe1 Kf7 38. Rh8 Kg7 39. Ree8 Kh6 40. Rhg8  1-0

[Event "36th Reykjavik op"]
[Site "Reykjavik ISL"]
[Date "2023.04.01"]
[Round "6.26"]
[White "Goh, Jinghan Cameron"]
[Black "Kjartansson, Gudmundur"]
[WhiteElo "1899"]
[BlackElo "2402"]
[Result "0-1"]
[EventDate "2023.03.29"]
[PlyCount "64"]

1. d4 Nf6 2. Nc3 d5 3. Bf4 c5 4. e3 cxd4 5. exd4 Bg4 6. f3 Bd7 7. Nb5 Bxb5 8. Bxb5+
Nc6 9. Qd3 e6 10. Ne2 Bd6 11. c3 a6 12. Ba4 Qc7 13. Bxd6 Qxd6 14. O-O O-O 15. Rfe1
b5 16. Bc2 b4 17. a3 bxc3 18. Qxc3 Rfc8 19. Ba4 Ne7 20. Qd3 Qb6 21. Kf1 Nf5 22. g4
Nd6 23. b3 g6 24. Rec1 h5 25. Nf4 hxg4 26. Nxe6 gxf3 27. Ng5 Nde4 28. Nxf3 Qe6 29.
Qe2 Nh5 30. Kg1 Nf4 31. Qe3 Qg4+ 32. Kf1 Qh3+  0-1

[Event "36th Reykjavik op"]
[Site "Reykjavik ISL"]
[Date "2023.04.01"]
[Round "6.27"]
[White "Van Staden, Mildo"]
[Black "Kushko, Dmitriy"]
[WhiteElo "1856"]
[BlackElo "2379"]
[Result "0-1"]
[EventDate "2023.03.29"]
[PlyCount "66"]

1. e4 g6 2. d4 Bg7 3. c4 d6 4. Nc3 e5 5. Nf3 Bg4 6. d5 a5 7. Be2 Bxf3 8. Bxf3 Nd7
9. O-O h5 10. Be3 Bh6 11. Bxh6 Nxh6 12. a3 Kf8 13. b4 Kg7 14. Qd2 f6 15. Rac1 Nf7
16. Qc2 Qe7 17. Na4 b6 18. c5 axb4 19. axb4 bxc5 20. bxc5 Ra5 21. cxd6 cxd6 22. Nb2
Rha8 23. Nd3 Nc5 24. Nxc5 Rxc5 25. Qb1 Rac8 26. g3 Qc7 27. Rxc5 dxc5 28. Bg2 c4 29.
Bh3 Rb8 30. Qc2 Qc5 31. Rc1 Nd6 32. Bf1 Rb4 33. Kg2 Qb6  0-1

[Event "36th Reykjavik op"]
[Site "Reykjavik ISL"]
[Date "2023.04.01"]
[Round "6.28"]
[White "Carr, Jay"]
[Black "Erdos, Viktor"]
[WhiteElo "1663"]
[BlackElo "2587"]
[Result "0-1"]
[EventDate "2023.03.29"]
[PlyCount "106"]

1. Nf3 g6 2. d4 Nf6 3. b3 Bg7 4. Bb2 b6 5. e3 Bb7 6. Nbd2 O-O 7. Bd3 c5 8. O-O cxd4
9. Bxd4 d6 10. Bb2 Nbd7 11. c4 Rc8 12. Re1 Rc7 13. Rc1 Qa8 14. Bf1 Rfc8 15. b4 d5
16. Qb3 Ne8 17. a3 Bxb2 18. Qxb2 dxc4 19. Rxc4 Rxc4 20. Bxc4 Bxf3 21. gxf3 Nd6 22.
Ba6 Rd8 23. e4 Nf8 24. Rc1 Ne6 25. Qe5 Ne8 26. Nf1 Qb8 27. Qxb8 Rxb8 28. Ne3 Nf4
29. Rc8 Rxc8 30. Bxc8 Nd6 31. Ba6 f6 32. Bf1 Kf7 33. Nc2 Ke6 34. Nd4+ Kd7 35. Ne2
Nxe2+ 36. Bxe2 Kc6 37. Kf1 Nb5 38. a4 Nc3 39. Bc4 Nxa4 40. Ke1 Nb2 41. Be2 a5 42.
bxa5 bxa5 43. Kd2 Kc5 44. Kc3 Na4+ 45. Kb3 Nb6 46. Kc3 g5 47. Bf1 h6 48. Bh3 Nc4
49. Bf1 Ne5 50. Be2 Nc6 51. Bd1 Nd4 52. Kd3 e5 53. Kc3 Kb5  0-1

[Event "36th Reykjavik op"]
[Site "Reykjavik ISL"]
[Date "2023.04.01"]
[Round "6.29"]
[White "Birkisson, Bardur Oern"]
[Black "Gajewski, Grzegorz"]
[WhiteElo "2142"]
[BlackElo "2587"]
[Result "1-0"]
[EventDate "2023.03.29"]
[PlyCount "77"]

1. e4 c5 2. Nf3 d6 3. Bb5+ Nd7 4. a4 Ngf6 5. Nc3 g6 6. a5 a6 7. Bc4 h6 8. O-O Bg7
9. d3 O-O 10. h3 e5 11. Bd2 Nb8 12. Nd5 Nxd5 13. Bxd5 Nc6 14. Qb1 Kh7 15. b4 cxb4
16. Bxb4 f5 17. Nd2 f4 18. f3 Nd4 19. Rf2 Bf6 20. c3 Nb5 21. Nc4 Bh4 22. Rd2 Qf6
23. Nb6 Rb8 24. Qb3 Bg3 25. Rad1 Rd8 26. d4 exd4 27. cxd4 Qg7 28. Qd3 Bd7 29. Nxd7
Rxd7 30. Rc2 Rc7 31. Rxc7 Qxc7 32. e5 dxe5 33. dxe5 Qxe5 34. Be4 Qf6 35. Qd7+ Qg7
36. Bxg6+ Kxg6 37. Qg4+ Kf6 38. Bc3+ Nxc3 39. Rd6+  1-0

[Event "36th Reykjavik op"]
[Site "Reykjavik ISL"]
[Date "2023.04.01"]
[Round "6.30"]
[White "Stefansson, Hannes"]
[Black "Pandey, Srishti"]
[WhiteElo "2510"]
[BlackElo "2156"]
[Result "1-0"]
[EventDate "2023.03.29"]
[PlyCount "151"]

1. e4 e5 2. Nf3 Nc6 3. Bb5 a6 4. Ba4 Nf6 5. O-O b5 6. Bb3 Bc5 7. Nc3 d6 8. Nd5 h6
9. c3 Nxd5 10. Bxd5 Bd7 11. d4 Bb6 12. Be3 O-O 13. Qd2 Qf6 14. dxe5 dxe5 15. Bxb6
cxb6 16. Qe3 Rab8 17. Rad1 Rfd8 18. Rd3 Ne7 19. Bb3 Ng6 20. Rfd1 Bg4 21. Rxd8+ Rxd8
22. Rxd8+ Qxd8 23. Ne1 a5 24. Nd3 Qd6 25. a3 Be6 26. Bc2 Bc4 27. g3 Nf8 28. b4 Ne6
29. Nb2 Ng5 30. Kg2 Qe6 31. Nxc4 Qxc4 32. h4 Ne6 33. Bd1 axb4 34. axb4 Nc7 35. Be2
Qa2 36. Qd3 Kh7 37. h5 Qe6 38. Kg1 Qe7 39. Bg4 g6 40. hxg6+ fxg6 41. Bd7 h5 42. Bxb5
h4 43. Qd7 Qxd7 44. Bxd7 hxg3 45. f3 Kg7 46. Kg2 Kf6 47. Kxg3 Ke7 48. Bc6 Kd6 49.
Ba4 Ne6 50. Kg4 Nf4 51. Bb5 Ke6 52. Kg5 Kf7 53. Bc4+ Kg7 54. Bd5 Nh3+ 55. Kh4 Nf4
56. c4 Nd3 57. c5 bxc5 58. b5 Kf6 59. b6 Nb4 60. b7 Na6 61. Bc4 Nb8 62. Bb5 Kf7 63.
Kg5 Kg7 64. Be2 Kf7 65. Kh6 Kf6 66. Bb5 Kf7 67. Kh7 Kf6 68. Kg8 Ke7 69. Kg7 Kd6 70.
Kxg6 Kc7 71. f4 exf4 72. e5 f3 73. e6 Kd6 74. Kf7 c4 75. e7 f2 76. Bxc4  1-0

[Event "36th Reykjavik op"]
[Site "Reykjavik ISL"]
[Date "2023.04.01"]
[Round "6.31"]
[White "Hjartarson, Johann"]
[Black "Krivenko, Dion"]
[WhiteElo "2478"]
[BlackElo "2136"]
[Result "1/2-1/2"]
[EventDate "2023.03.29"]
[PlyCount "41"]

1. Nf3 Nf6 2. g3 g6 3. b4 Bg7 4. Bb2 d5 5. Bg2 O-O 6. O-O c6 7. d3 a5 8. a3 axb4
9. axb4 Rxa1 10. Bxa1 Na6 11. c3 Re8 12. Nbd2 e5 13. e4 b5 14. Qc2 Qc7 15. d4 exd4
16. Nxd4 Nxe4 17. Nxe4 dxe4 18. Bxe4 c5 19. bxc5 Qxc5 20. Qb1 b4 21. cxb4  1/2-1/2

[Event "36th Reykjavik op"]
[Site "Reykjavik ISL"]
[Date "2023.04.01"]
[Round "6.32"]
[White "Harish, Neeraj"]
[Black "Stefansson, Vignir Vatnar"]
[WhiteElo "2127"]
[BlackElo "2461"]
[Result "0-1"]
[EventDate "2023.03.29"]
[PlyCount "180"]

1. e4 c5 2. Nf3 Nc6 3. d4 cxd4 4. Nxd4 Nf6 5. Nc3 h5 6. Be2 e5 7. Ndb5 d6 8. Bg5
a6 9. Na3 Be6 10. Nc4 Nd4 11. O-O h4 12. h3 Rc8 13. Ne3 Be7 14. Bxf6 Bxf6 15. Ncd5
Nxe2+ 16. Qxe2 Bg5 17. c3 O-O 18. a4 g6 19. a5 Kg7 20. Ra4 Bd7 21. Rb4 Qxa5 22. Rxb7
Bc6 23. Rb3 Bxe3 24. Qxe3 Bxd5 25. exd5 Qxd5 26. Ra3 Qb5 27. Qd2 Rc6 28. Rfa1 Rb8
29. R1a2 Rbb6 30. Ra5 Qb3 31. Kh2 Qe6 32. R2a4 Qf6 33. Qe2 Qg5 34. Rxa6 Rxa6 35.
Rxa6 Rxa6 36. Qxa6 Qf4+ 37. Kg1 Qc1+ 38. Kh2 Qxb2 39. Qxd6 Qxc3 40. Qe7 Qd4 41. Kg1
Qf4 42. Qc5 Kh6 43. Qe7 Kh5 44. Qd8 f6 45. Qe7 Qc1+ 46. Kh2 Kg5 47. Qe6 Qd1 48. Qe7
Qc2 49. Qa7 Qe2 50. Qc5 Qd2 51. Kg1 Qd1+ 52. Kh2 Qd4 53. Qc2 f5 54. Qa2 e4 55. Qe2
Qe5+ 56. Kg1 Qd4 57. Kh2 Qd3 58. Qe1 Kh5 59. Qa1 Qd2 60. Qa7 Qd6+ 61. Kg1 Qe5 62.
Qe3 f4 63. Qe2+ Kh6 64. Qg4 g5 65. Qc8 e3 66. Qc6+ Kg7 67. fxe3 fxe3 68. Qd7+ Kf6
69. Qc6+ Ke7 70. Qb7+ Kd6 71. Qb6+ Kd5 72. Qb5+ Kd4 73. Qb2+ Ke4 74. Qb1+ Kd5 75.
Qb5+ Ke6 76. Qc6+ Kf5 77. Qc2+ Kf6 78. Qc6+ Qe6 79. Qc3+ Kg6 80. Qd3+ Kh6 81. Qe2
Qb6 82. Kf1 Qb1+ 83. Qe1 Qe4 84. Qe2 Kg6 85. Qa6+ Kf5 86. Qb5+ Kf4 87. Qb8+ Qe5 88.
Qb4+ Kg3 89. Qg4+ Kh2 90. Ke2 Qg3  0-1

[Event "36th Reykjavik op"]
[Site "Reykjavik ISL"]
[Date "2023.04.01"]
[Round "6.33"]
[White "Willow, Jonah"]
[Black "Jaksland, Tim"]
[WhiteElo "2459"]
[BlackElo "2117"]
[Result "1-0"]
[EventDate "2023.03.29"]
[PlyCount "123"]

1. e4 e5 2. Nf3 Nc6 3. Nc3 Nf6 4. Bb5 Nd4 5. Ba4 Bc5 6. Nxe5 O-O 7. Nd3 Bb6 8. e5
Ne8 9. Nd5 d6 10. Ne3 c6 11. c3 Nf5 12. Bc2 Bc7 13. b3 dxe5 14. Ba3 Bd6 15. Nxe5
Bxa3 16. Bxf5 Bxf5 17. Nxf5 Qf6 18. Nc4 Qxf5 19. Nxa3 Qe4+ 20. Kf1 Nf6 21. Nc4 Rfe8
22. d3 Qf4 23. g3 Qf5 24. Kg2 Rad8 25. d4 Ne4 26. Qc2 Nxg3 27. Qxf5 Nxf5 28. Rhe1
Kf8 29. Na5 Rxe1 30. Rxe1 Rd7 31. a4 Ne7 32. Nc4 Nd5 33. Rc1 f6 34. Kf3 Ke8 35. Ne3
Kd8 36. h4 Ke8 37. Nf5 g6 38. Ng3 Kf7 39. Ne4 b6 40. a5 Kg7 41. c4 Ne7 42. c5 Nf5
43. cxb6 axb6 44. axb6 Rb7 45. Ra1 Nxd4+ 46. Kg2 Rxb6 47. Ra7+ Kf8 48. Nxf6 Rxb3
49. Nxh7+ Kg8 50. Nf6+ Kf8 51. Nd7+ Ke8 52. Ne5 Nf5 53. Nxg6 Rb5 54. Kh3 Nd6 55.
f4 Rb1 56. Ne5 c5 57. Rc7 Rc1 58. Kg4 c4 59. Kg5 c3 60. Kf6 Ne4+ 61. Ke6 Kd8 62.
Rc4  1-0

[Event "36th Reykjavik op"]
[Site "Reykjavik ISL"]
[Date "2023.04.01"]
[Round "6.34"]
[White "Van Kessel, Wessel"]
[Black "Ladopoulos, Dimitrios"]
[WhiteElo "2137"]
[BlackElo "2391"]
[Result "1-0"]
[EventDate "2023.03.29"]
[PlyCount "75"]

1. e4 c5 2. Nc3 Nc6 3. Bb5 Nd4 4. Bc4 g6 5. Nf3 Bg7 6. Nxd4 cxd4 7. Qf3 e6 8. Nb5
d6 9. Qa3 Ke7 10. c3 dxc3 11. dxc3 a6 12. Be2 Rb8 13. Nd4 Qc7 14. O-O b5 15. Rd1
h6 16. f4 Ke8 17. Be3 Nf6 18. Bf3 Bb7 19. e5 dxe5 20. fxe5 Bf8 21. Qb3 Nd5 22. Bf2
Bg7 23. Re1 Kf8 24. Bg4 Re8 25. a4 h5 26. Bf3 bxa4 27. Rxa4 Kg8 28. c4 Nb6 29. Bxb7
Nxa4 30. Qxa4 Rb8 31. Bf3 Rxb2 32. Qxa6 Bxe5 33. Nxe6 Bxh2+ 34. Kh1 fxe6 35. Qxe6+
Kh7 36. Qf6 Be5 37. Rxe5 Rb1+ 38. Bg1  1-0

[Event "36th Reykjavik op"]
[Site "Reykjavik ISL"]
[Date "2023.04.01"]
[Round "6.36"]
[White "Ingvason, Johann"]
[Black "Karacsonyi, Gellert"]
[WhiteElo "2122"]
[BlackElo "2385"]
[Result "0-1"]
[EventDate "2023.03.29"]
[PlyCount "126"]

1. e4 c5 2. Nf3 Nc6 3. d4 cxd4 4. Nxd4 g6 5. c4 Nf6 6. Nc3 d6 7. Be2 Nxd4 8. Qxd4
Bg7 9. O-O O-O 10. Bg5 a5 11. Qd2 a4 12. Bh6 Qa5 13. Bxg7 Kxg7 14. Qd4 Be6 15. f4
Qa7 16. Qxa7 Rxa7 17. f5 Bd7 18. Bd3 Bc6 19. Rae1 Nd7 20. h4 Ne5 21. Re3 b6 22. Rg3
Ra5 23. h5 Rc8 24. fxg6 hxg6 25. hxg6 fxg6 26. Rf4 Bb7 27. b3 axb3 28. axb3 Ra3 29.
Bc2 Bc6 30. Nd5 Bxd5 31. exd5 Ra1+ 32. Rf1 Rxf1+ 33. Kxf1 b5 34. Ke2 bxc4 35. Bf5
Rf8 36. Be6 Rb8 37. bxc4 Rb2+ 38. Kf1 Nxc4 39. Rc3 Rc2 40. Rg3 Rb2 41. Kg1 Ne5 42.
Ra3 Kf6 43. Ra1 Kg5 44. Ra7 Kf4 45. Ra4+ Kg5 46. Ra7 Kf6 47. Ra4 Nd3 48. g3 Nc5 49.
Rf4+ Ke5 50. Bf7 g5 51. Rf1 Re2 52. Rf3 Ne4 53. Kf1 Rc2 54. Kg1 Rc3 55. Kg2 Rxf3
56. Kxf3 Nf6 57. Ke3 Nxd5+ 58. Kf3 Nf6 59. Ke3 d5 60. Bg6 Kd6 61. Bf7 e5 62. Bg6
Kc5 63. Bb1 e4  0-1

[Event "36th Reykjavik op"]
[Site "Reykjavik ISL"]
[Date "2023.04.01"]
[Round "6.37"]
[White "Ajay Krishna, S"]
[Black "Vemparala, Nikash"]
[WhiteElo "2382"]
[BlackElo "2100"]
[Result "1-0"]
[EventDate "2023.03.29"]
[PlyCount "77"]

1. Nf3 d5 2. c4 c6 3. g3 Nf6 4. Bg2 e6 5. Qc2 Nbd7 6. O-O Be7 7. d4 O-O 8. Nbd2 Re8
9. Rd1 b6 10. e4 dxe4 11. Nxe4 Bb7 12. Bf4 Nxe4 13. Qxe4 Qc8 14. Ne5 Nxe5 15. Bxe5
f6 16. Bf4 g5 17. Be3 f5 18. Qc2 Qc7 19. c5 Bf6 20. cxb6 axb6 21. d5 exd5 22. Bxd5+
Kg7 23. Bg2 Ra5 24. Bd4 Bxd4 25. Rxd4 Qe5 26. Qd2 h6 27. Rd7+ Re7 28. Rxe7+ Qxe7
29. Re1 Qf7 30. Qd6 Rxa2 31. Bf1 Ba6 32. Bxa6 Rxa6 33. Re7 Ra7 34. Rxf7+ Rxf7 35.
Qxc6 Rf6 36. Qd7+ Kg6 37. f3 f4 38. g4 Rf7 39. Qe6+  1-0

[Event "36th Reykjavik op"]
[Site "Reykjavik ISL"]
[Date "2023.04.01"]
[Round "6.38"]
[White "Pasti, Aron"]
[Black "Halldorsson, Bragi"]
[WhiteElo "2378"]
[BlackElo "2067"]
[Result "1-0"]
[EventDate "2023.03.29"]
[PlyCount "37"]

1. e4 c6 2. Nf3 d5 3. Nc3 Bg4 4. h3 Bxf3 5. Qxf3 e6 6. d4 dxe4 7. Nxe4 Nf6 8. Nxf6+
Qxf6 9. Qb3 b6 10. Be3 Bd6 11. g3 O-O 12. Bg2 e5 13. O-O-O b5 14. Rhe1 a5 15. dxe5
Bxe5 16. f4 a4 17. Qa3 Bc7 18. Bd4 Qg6 19. Qxf8+  1-0

[Event "36th Reykjavik op"]
[Site "Reykjavik ISL"]
[Date "2023.04.01"]
[Round "6.39"]
[White "Brade, Henry"]
[Black "Cramling Bellon, Anna"]
[WhiteElo "1668"]
[BlackElo "2066"]
[Result "0-1"]
[EventDate "2023.03.29"]
[PlyCount "74"]

1. e4 c5 2. Nf3 e6 3. c3 d5 4. exd5 exd5 5. d4 Nf6 6. Be2 Nc6 7. O-O Be7 8. Bg5 cxd4
9. cxd4 h6 10. Bh4 O-O 11. Nc3 Be6 12. Re1 Ne4 13. Bxe7 Nxe7 14. Bd3 Nxc3 15. bxc3
Rc8 16. Qb3 Rc7 17. Ne5 Bf5 18. Qc2 Qc8 19. Rac1 b5 20. Qe2 a6 21. Bxf5 Nxf5 22.
Qd2 Nd6 23. f3 Nc4 24. Nxc4 Rxc4 25. Re5 Qc6 26. Re7 b4 27. Qf4 bxc3 28. Rc2 Qa4
29. Ree2 Rxd4 30. Qc1 Rd3 31. g3 Qd4+ 32. Kg2 Rd1 33. Qe3 Qxe3 34. Rxe3 d4 35. Re7
Rd2+ 36. Re2 Rxe2+ 37. Rxe2 d3  0-1

[Event "36th Reykjavik op"]
[Site "Reykjavik ISL"]
[Date "2023.04.01"]
[Round "6.40"]
[White "Deatrick, Alexander"]
[Black "Trimitzios, Petros"]
[WhiteElo "2081"]
[BlackElo "2358"]
[Result "1-0"]
[EventDate "2023.03.29"]
[PlyCount "63"]

1. e4 e5 2. Nf3 Nc6 3. d4 exd4 4. Nxd4 Qf6 5. Nf3 Bc5 6. Nc3 Nge7 7. Nb5 Bb6 8. Be3
Bxe3 9. fxe3 Kd8 10. Bc4 Ne5 11. Qe2 N7c6 12. O-O-O d6 13. Rhf1 Qe7 14. Bd5 f6 15.
c4 a6 16. Nc3 Ke8 17. c5 dxc5 18. Bb3 Be6 19. Nd5 Qf7 20. Ng5 Bxd5 21. exd5 Qg6 22.
dxc6 Qxg5 23. cxb7 Rb8 24. Qxa6 c6 25. Qb6 c4 26. Bxc4 Nxc4 27. Qxc6+ Kf7 28. Qxc4+
Kg6 29. Rf3 Qa5 30. Rg3+ Kh6 31. Qh4+ Qh5 32. Qf4+  1-0

[Event "36th Reykjavik op"]
[Site "Reykjavik ISL"]
[Date "2023.04.01"]
[Round "6.41"]
[White "Botez, Alexandra"]
[Black "Hetland, Even"]
[WhiteElo "1988"]
[BlackElo "1680"]
[Result "1-0"]
[EventDate "2023.03.29"]
[PlyCount "67"]

1. d4 d5 2. Nf3 Nf6 3. g3 e6 4. Bg2 c5 5. O-O Nc6 6. c3 Bd6 7. dxc5 Bxc5 8. c4 O-O
9. cxd5 Nxd5 10. Qc2 Qb6 11. a3 Nd4 12. Nxd4 Bxd4 13. e3 Bf6 14. e4 Ne7 15. Nc3 Bd7
16. Be3 Qa5 17. Rfd1 Rfd8 18. Bd4 Bxd4 19. Rxd4 e5 20. Rd2 Be6 21. Rad1 Rxd2 22.
Rxd2 Nc6 23. Nd5 Nd4 24. Qd3 Kf8 25. Qc3 Qd8 26. Qb4+ Ke8 27. Qxb7 Rc8 28. h3 Rc1+
29. Kh2 Bc8 30. Qxa7 Qg5 31. Qa4+ Bd7 32. Qb4 Nc6 33. Qd6 h5 34. Nc7+  1-0

[Event "36th Reykjavik op"]
[Site "Reykjavik ISL"]
[Date "2023.04.01"]
[Round "6.42"]
[White "Rosen, Eric"]
[Black "Lohia, Sohum"]
[WhiteElo "2357"]
[BlackElo "2081"]
[Result "1/2-1/2"]
[EventDate "2023.03.29"]
[PlyCount "95"]

1. d4 Nf6 2. Nf3 e6 3. Bf4 b6 4. e3 Bb7 5. c4 Bb4+ 6. Nfd2 O-O 7. a3 Be7 8. Nc3 d5
9. cxd5 Nxd5 10. Nxd5 exd5 11. Bd3 c5 12. Nf3 Nd7 13. O-O c4 14. Bc2 b5 15. Re1 a5
16. Ne5 Nxe5 17. dxe5 Qd7 18. Qd4 Rfc8 19. Bg3 b4 20. Qf4 g6 21. Bd1 h5 22. Bh4 Bxh4
23. Qxh4 c3 24. bxc3 bxc3 25. Rc1 Rc4 26. Qg5 Qd8 27. Qxd8+ Rxd8 28. Bb3 Rc5 29.
Red1 Bc6 30. Bc2 Rb8 31. Rb1 Rb2 32. Rdc1 Bb5 33. h4 Bc4 34. a4 Ba2 35. Ra1 Kf8 36.
Kf1 Ke7 37. Ke2 Ke6 38. f4 Bc4+ 39. Kf3 Bb3 40. Bxb3 Rxb3 41. Ra2 Kf5 42. g3 Rc4
43. Rac2 Rc6 44. Ra2 Rc5 45. Re2 Rc4 46. Rec2 Rc6 47. Ra2 Rc5 48. Re2  1/2-1/2